عرض عادي عرض مارك
  • ملص ، سحر

مدخل إسم شخص

عدد التسجيلات المستخدمة في: 2

001 - رقم الضبط

  • حقل الضبط: 42260

003 - معرف رقم الضبط

  • حقل الضبط: OSt

005 - تاريخ ووقت أخر عملية

  • حقل الضبط: 20140112100922.0

008 - عناصر بيانات ثابتة الطول

  • حقل تحكم ثابت الطول: 140112|||a|||||| | ||| d

040 ## - مصدر الفهرسة

  • هيئة الفهرسة الأصلية: OSt
  • وكالة الكتابة: OSt

100 ## - مدخل -- أسم شخص

  • إسم شخص: ملص ، سحر

670 ## - بيانات المصدر موجوده

  • الاستشهاد بالمصدر: Work cat.: (OSt): ملص ، سحر, علم العقاقير والنباتات الطبية /, 2002